000 00344pam a2200157a 44500
008 230405s2002 xxu||||| |||| 00| 0 eng d
041 _aENG
100 _aStuart Bames
245 _aKnowledge Management Systems
250 _a1
260 _a
_bThomson
_c2002
300 _a252P, 24 cms
440 _a336
690 _aMCA
906 _a5638
999 _c258497
_d258497